000 00429nam a22001697a 4500
003 OSt
008 250419b |||||||| |||| 00| 0 eng d
020 _a9789389718423
082 _a351.3 BHE
100 _aBHARDWAJ,AP
245 _aEssays for Civil and Judicial services Main Examinations
250 _a2nd Ed
260 _aNew Delhi
_bGK Publication(p) Ltd.
_c2024
300 _aMISC
650 _aGeneral
942 _2ddc
_cBK
999 _c13343
_d13343